Proverbs for busy women : devotions to strengthen your walk with God / Mary C. Busha, ed. ; Contributors include Barbara Johnson and Evelyn Christenson (Registro nro. 44301)
[ vista simple ]
| 000 -LÍDER | |
|---|---|
| Campo fijo de descripción fija | 009990000a22001810004500 |
| 020 ## - NÚMERO INTERNACIONAL NORMALIZADO PARA LIBROS | |
| Número Internacional Normalizado del libro | 0-8054-5386-5 |
| 041 0# - CÓDIGO DE IDIOMA | |
| Código de idioma para texto/pista de sonido o título separado | |
| 082 04 - NÚMERO DE CLASIFICACIÓN DECIMAL DEWEY | |
| Número de clasificación | G 242.643 P9692p |
| 001 - NÚMERO DE CONTROL | |
| Campo de control | 17651 |
| 245 10 - TÍTULO | |
| Título del Material | Proverbs for busy women : devotions to strengthen your walk with God / Mary C. Busha, ed. ; Contributors include Barbara Johnson and Evelyn Christenson |
| 260 ## - PUBLICACIÓN, DISTRIBUCIÓN, ETC. (PIE DE IMPRENTA) | |
| Lugar de publicación, distribución, etc. | Nashville: Broadman and Holman |
| 300 ## - DESCRIPCIÓN FÍSICA | |
| Extensión | 120 p. |
| 505 00 - NOTA DE CONTENIDO | |
| Nota de contenido con formato preestablecido | 1. Devotions to refresh you in your work / Devocionales para refrescarla en su trabajo -- 2. Devotions to build up your relationships / Devocionales para edificarla en sus relaciones.-- 3. Devotions to strengthen your walk with God. / Devocionales para fortalecer su caminar con el Señor. |
| 650 14 - ASIENTO SECUNDARIO DE MATERIA - TERMINO TEMÁTICO | |
| Término temático o nombre geográfico como elemento de entrada | DEVOCIONARIOS \ BIBLIA - A.T. - PROVERBIOS - MEDITACIONES \ MUJERES - ORACIONES Y DEVOCIONES \ VIDA CRISTIANA |
| 700 1# - ASIENTO SECUNDARIO - NOMBRE PERSONAL | |
| Nombre personal | Busha, Mary C. ed. |
| 942 ## - TIPO DE MATERIAL (KOHA) | |
| Tipo de Item KOHA | Libros General |
No hay ítems disponibles.
